Icon : International communication through English
Saved in:
| Format: | Book |
|---|---|
| Language: | Undetermined |
| Published: |
New York
McGraw-Hill
2005
|
| Subjects: | |
| Tags: |
Add Tag
No Tags, Be the first to tag this record!
|
| Institutions: | Trung tâm Học liệu Trường Đại học Cần Thơ |
|---|
| LEADER | 00541nam a2200205Ia 4500 | ||
|---|---|---|---|
| 001 | CTU_94797 | ||
| 008 | 210402s9999 xx 000 0 und d | ||
| 020 | |c 95000 | ||
| 082 | |a 428 | ||
| 082 | |b F855/B.3 | ||
| 245 | 0 | |a Icon : | |
| 245 | 0 | |b International communication through English | |
| 245 | 0 | |c Donald Freeman ...[et al.] | |
| 260 | |a New York | ||
| 260 | |b McGraw-Hill | ||
| 260 | |c 2005 | ||
| 650 | |a English language | ||
| 650 | |x Study and teaching | ||
| 904 | |i Năm | ||
| 980 | |a Trung tâm Học liệu Trường Đại học Cần Thơ | ||